000 01096nam0a22002531 4500
001 rc\4044671
005 20260408074354.0
021 _aRU
_b[52-4350]
035 _a(NLR Aleph) 008101966
090 _a9250121
_c9250121
100 _a20130415d1951 |||y0rusy50 ca
101 0 _arus
102 _aRU
105 _aa c |||||
200 1 _aИнструктивные указания по устройству и содержанию маршрутно-контрольных устройств системы В.А. Григорова
_fМ-во путей сообщения СССР. Гл. упр. движения
210 _aМосква
_cТрансжелдориздат
_d1951
215 _a63 с., 1 л. схем.
_cил.
_d20
606 _aЖелезнодорожная сигнализация, централизация и блокировка
_2psbo
712 0 1 _aСССР
_bГлавное управление движения
_9633157
_3RU\NLR\AUTH\8810065778
801 0 _aRU
_bNLR
_gpsbo
801 1 _aRU
_bELAR
_2rusmarc
852 _aNLR
_jТ88 Г-4/736
942 _cBOOK
980 _aNB